[Event "Girona-ch Seniors"]
[Site "Girona"]
[Date "2019.02.19"]
[Round "3.7"]
[White "Clotas Marti, Ramon"]
[Black "Zamora Alarcon, Juli"]
[Result "0-1"]
[WhiteElo "1468"]
[BlackElo "1723"]
[PlyCount "126"]
[EventDate "2019.02.05"]
[EventType "swiss"]
[EventRounds "6"]
[EventCountry "ESP"]
[SourceTitle "EXT 2024"]
[Source "ChessBase"]
[SourceDate "2023.10.10"]
[SourceVersion "1"]
[SourceVersionDate "2023.10.10"]
[SourceQuality "1"]

1. e4 e5 2. Nf3 Nc6 3. Bc4 d6 4. 0-0 Be6 5. Be2 Nf6 6. d3 h6 7. a3 Be7 8. Be3 0-0 9. Nc3 Ng4 10. h3 Nxe3 11. fxe3 f5 12. d4 fxe4 13. Nxe4 d5 14. Ned2 e4 15. Nh2 Bg5 16. Rxf8+ Qxf8 17. Ndf1 Qf7 18. Bg4 Rf8 19. Bxe6 Qxe6 20. Qe2 a6 21. Nd2 Ne7 22. Nhf1 Nf5 23. c4 c6 24. cxd5 cxd5 25. Rc1 Rf6 26. Nb3 b5 27. Nc5 Qd6 28. b4 Nxd4 29. Qg4 Nf5 30. Re1 Kh7 31. Qe2 Rg6 32. Qd2 Nh4 33. Kh1 Bd8 34. Rd1 Rxg2 35. Qxd5 Qxd5 36. Rxd5 Bf6 37. Nxe4 Ra2 38. Rd3 Bb2 39. Nc5 Bxa3 40. Nxa6 Ra1 41. Kg1 Nf5 42. Kf2 Kg6 43. e4 Ra2+ 44. Kf3 Ne7 45. Ne3 Bc1 46. Rd6+ Kf7 47. Ng4 Ra3+ 48. Kg2 Bf4 49. e5 Rg3+ 50. Kf2 h5 51. e6+ Kg6 52. Rd7 hxg4 53. hxg4 Kf6 54. Nc5 Rxg4 55. Kf3 Rh4 56. Rd4 g5 57. Rd8 Rh3+ 58. Kg2 Re3 59. Rf8+ Kg6 60. Kf2 Re5 61. Re8 Be3+ 62. Kg3 Bxc5 63. bxc5 Rxe6 0-1

[Event "Girona-ch Seniors"]
[Site "Girona"]
[Date "2019.02.12"]
[Round "2.10"]
[White "Clotas Marti, Ramon"]
[Black "Lara Perez, Antoni"]
[Result "1-0"]
[WhiteElo "1468"]
[BlackElo "1611"]
[PlyCount "111"]
[EventDate "2019.02.05"]
[EventType "swiss"]
[EventRounds "6"]
[EventCountry "ESP"]
[SourceTitle "EXT 2024"]
[Source "ChessBase"]
[SourceDate "2023.10.10"]
[SourceVersion "1"]
[SourceVersionDate "2023.10.10"]
[SourceQuality "1"]

1. e4 c5 2. Nf3 d6 3. d4 cxd4 4. Nxd4 Nf6 5. Nc3 e5 6. Nb3 a6 7. Be2 Be7 8. Be3 Nbd7 9. Qd2 Qc7 10. 0-0-0 g6 11. g4 Nf8 12. Bh6 Nxg4 13. Bxg4 Bxg4 14. Rde1 Be6 15. Nd5 Bxd5 16. Qxd5 Ne6 17. Rd1 Bg5+ 18. Bxg5 Nxg5 19. Qxd6 Qxd6 20. Rxd6 Rd8 21. Rxd8+ Kxd8 22. Nd2 Ke7 23. h4 Ne6 24. Nc4 f6 25. c3 Nc5 26. f3 Nd3+ 27. Kc2 Nf4 28. Rh2 h5 29. Ne3 Ke6 30. c4 Rd8 31. Nd5 Nxd5 32. cxd5+ Kf7 33. Rd2 Rd6 34. b4 f5 35. Kc3 fxe4 36. fxe4 b5 37. Kb3 Ke7 38. a3 Rf6 39. Rc2 Rf3+ 40. Kb2 Kd7 41. Rc6 Rf2+ 42. Kb3 Rf3+ 43. Kb2 Rg3 44. Rxa6 g5 45. hxg5 Rxg5 46. a4 bxa4 47. Ka3 Rg4 48. Rh6 h4 49. Kxa4 Rxe4 50. Ka5 Rd4 51. Kb6 Rxd5 52. b5 Rd6+ 53. Rxd6+ Kxd6 54. Ka7 Kc7 55. b6+ Kc8 56. b7+ 1-0

[Event "Girona-ch Seniors"]
[Site "Girona"]
[Date "2019.02.05"]
[Round "1.5"]
[White "Llach Mascaro, Josep Maria"]
[Black "Clotas Marti, Ramon"]
[Result "1-0"]
[WhiteElo "1887"]
[BlackElo "1468"]
[PlyCount "35"]
[EventDate "2019.02.05"]
[EventType "swiss"]
[EventRounds "6"]
[EventCountry "ESP"]
[SourceTitle "EXT 2024"]
[Source "ChessBase"]
[SourceDate "2023.10.10"]
[SourceVersion "1"]
[SourceVersionDate "2023.10.10"]
[SourceQuality "1"]

1. e4 c5 2. d4 cxd4 3. c3 dxc3 4. Nxc3 e5 5. Nf3 d6 6. Bc4 Nf6 7. Qb3 Be6 8. Bxe6 fxe6 9. Qxe6+ Qe7 10. Qc8+ Qd8 11. Qxb7 Nbd7 12. 0-0 Be7 13. Ng5 Nc5 14. Qc6+ Ncd7 15. Qc4 d5 16. Nxd5 Rc8 17. Nxf6+ Bxf6 18. Qf7# 1-0

[Event "Girona-ch Seniors"]
[Site "Girona"]
[Date "2017.03.14"]
[Round "6.6"]
[White "Vila Pages, Xavier"]
[Black "Clotas Marti, Ramon"]
[Result "1-0"]
[WhiteElo "1855"]
[BlackElo "1647"]
[PlyCount "46"]
[EventDate "2017.02.07"]
[EventType "swiss"]
[EventRounds "6"]
[EventCountry "ESP"]
[SourceTitle "EXT 2024"]
[Source "ChessBase"]
[SourceDate "2023.10.10"]
[SourceVersion "1"]
[SourceVersionDate "2023.10.10"]
[SourceQuality "1"]

1. c4 e5 2. Nc3 Nc6 3. g3 Nf6 4. Bg2 Be7 5. Nf3 0-0 6. d3 d5 7. cxd5 Nxd5 8. Bd2 Nb6 9. Rc1 f5 10. 0-0 Bf6 11. Ne1 Be6 12. Be3 Nd5 13. Bc5 Re8 14. e4 Nde7 15. Bxe7 Rxe7 16. exf5 Bf7 17. Ne4 Rd7 18. Nc5 Rd4 19. Nxb7 Qe7 20. Bxc6 Rb8 21. a3 h5 22. Nf3 Rg4 23. h3 Ra4 1-0

[Event "Girona-ch Seniors"]
[Site "Girona"]
[Date "2017.02.07"]
[Round "1.3"]
[White "Fluvia Frigola, Joan"]
[Black "Clotas Marti, Ramon"]
[Result "1-0"]
[WhiteElo "1998"]
[BlackElo "1647"]
[PlyCount "84"]
[EventDate "2017.02.07"]
[EventType "swiss"]
[EventRounds "6"]
[EventCountry "ESP"]
[SourceTitle "EXT 2024"]
[Source "ChessBase"]
[SourceDate "2023.10.10"]
[SourceVersion "1"]
[SourceVersionDate "2023.10.10"]
[SourceQuality "1"]

1. e4 c5 2. Nf3 d6 3. d4 cxd4 4. Nxd4 Nf6 5. Nc3 Nc6 6. Bg5 a6 7. Qd2 Nxd4 8. Qxd4 Bd7 9. 0-0-0 Qc7 10. f3 Rc8 11. Kb1 Be6 12. Bd3 Bd7 13. Rhe1 e5 14. Qf2 Be7 15. h3 Be6 16. Be3 Qc6 17. f4 0-0 18. f5 Bc4 19. g4 Bxd3 20. Rxd3 Nxe4 21. Nxe4 Qxe4 22. Bg5 Qxd3 23. cxd3 Bxg5 24. Qb6 Rc6 25. Qxb7 Rfc8 26. a4 h6 27. Ka2 a5 28. Re4 Bd2 29. Rc4 Rc5 30. Rxc5 Rxc5 31. Qb8+ Kh7 32. Qxd6 Bb4 33. f6 Rc2 34. Qxe5 Rf2 35. fxg7 Kg8 36. h4 Kh7 37. g5 hxg5 38. Qxg5 Kg8 39. Qg3 Re2 40. h5 Bc3 41. h6 Rxb2+ 42. Ka3 Rh2 1-0

[Event "Figueres Nadal op 5th"]
[Site "Figueres"]
[Date "2016.01.02"]
[Round "1"]
[White "Alvarez Martinez, Robert Carlos"]
[Black "Clotas Marti, Ramon"]
[Result "0-1"]
[WhiteElo "1795"]
[BlackElo "1774"]
[PlyCount "35"]
[EventDate "2016.01.02"]
[EventType "swiss"]
[EventRounds "7"]
[EventCountry "ESP"]
[SourceTitle "EXT 2017"]
[Source "ChessBase"]
[SourceDate "2016.10.25"]
[SourceVersion "1"]
[SourceVersionDate "2016.10.25"]
[SourceQuality "1"]

1. e4 Nc6 2. d4 d5 3. e5 Bf5 4. Bb5 e6 5. Nf3 h6 6. 0-0 Bb4 7. a4 a6 8. Bd3 Nge7 9. c3 Ba5 10. b4 Bb6 11. a5 Ba7 12. Nh4 Bxd3 13. Qxd3 0-0 14. Qg3 Kh7 15. f4 f5 16. exf6 Rxf6 17. Be3 Nf5 18. Nd2 0-1

[Event "Santa Eugenia op 10th"]
[Site "Santa Eugenia"]
[Date "2015.??.??"]
[Round "5"]
[White "Clotas Marti, Ramon"]
[Black "Villa Carrillo, Julio"]
[Result "1/2-1/2"]
[WhiteElo "1790"]
[BlackElo "1852"]
[PlyCount "39"]
[EventDate "2015.04.17"]
[EventType "swiss"]
[EventRounds "9"]
[EventCountry "ESP"]
[SourceTitle "EXT 2016"]
[Source "ChessBase"]
[SourceDate "2015.10.08"]
[SourceVersion "1"]
[SourceVersionDate "2015.10.08"]
[SourceQuality "1"]

1. e4 d6 2. Nf3 e5 3. d4 exd4 4. Nxd4 Nf6 5. Nc3 Be7 6. Be2 0-0 7. Be3 Bd7 8. Qd2 Nc6 9. 0-0-0 a6 10. h3 Nxd4 11. Bxd4 Bc6 12. Bd3 Nd7 13. f4 Bf6 14. Bxf6 Qxf6 15. g4 Nc5 16. g5 Qe6 17. Rhe1 Rfe8 18. Nd5 Nxd3+ 19. Qxd3 Bxd5 20. exd5 1/2-1/2

[Event "Santa Eugenia op 10th"]
[Site "Santa Eugenia"]
[Date "2015.??.??"]
[Round "3"]
[White "Gala Martinez, Victor"]
[Black "Clotas Marti, Ramon"]
[Result "1-0"]
[WhiteElo "1863"]
[BlackElo "1790"]
[PlyCount "87"]
[EventDate "2015.04.17"]
[EventType "swiss"]
[EventRounds "9"]
[EventCountry "ESP"]
[SourceTitle "EXT 2016"]
[Source "ChessBase"]
[SourceDate "2015.10.08"]
[SourceVersion "1"]
[SourceVersionDate "2015.10.08"]
[SourceQuality "1"]

1. d4 Nf6 2. Nf3 e6 3. Bf4 d5 4. h3 c5 5. e3 a6 6. c3 c4 7. Nbd2 b5 8. a3 a5 9. Be2 a4 10. 0-0 Be7 11. Re1 Nbd7 12. Bh2 0-0 13. Ne5 Bb7 14. Nxd7 Nxd7 15. Bf3 f5 16. Qc2 Nf6 17. Rad1 Bd6 18. Bxd6 Qxd6 19. Qb1 Rae8 20. Qc2 g6 21. Rf1 e5 22. dxe5 Qxe5 23. Qb1 Ne4 24. Nxe4 fxe4 25. Be2 Bc8 26. Rd2 Qg5 27. Kh1 Be6 28. Qd1 Rd8 29. Bg4 Bxg4 30. Qxg4 Qxg4 31. hxg4 Rd6 32. Kh2 Kg7 33. Kg3 g5 34. Rfd1 Rfd8 35. f3 Kf6 36. fxe4 Ke5 37. Rxd5+ Rxd5 38. Rxd5+ Rxd5 39. exd5 Kxd5 40. Kf3 Ke5 41. e4 Ke6 42. Ke2 Ke5 43. Ke3 h6 44. g3 1-0